| 000 | 00420pab a2200169 454500 | ||
|---|---|---|---|
| 008 | 180718b2004 xxu||||| |||| 00| 0 eng d | ||
| 100 | _aRavikumar, Veena | ||
| 245 | _aGlobalisationa and terrorism: the case of Iraq | ||
| 260 | _c2004 | ||
| 300 | _ap.387-95. | ||
| 362 | _aJul-Sep | ||
| 650 | _aGlobalization - Iraq | ||
| 650 | _aTerrorism - Iraq | ||
| 650 | _aTerrorism | ||
| 773 | _aUSI Journal | ||
| 909 | _a63034 | ||
| 999 |
_c63034 _d63034 |
||